Countries of Europe in Hawaiian Quiz Stats

 Plays Quiz not verified by Sporcle

Score 0/47 Timer 06:00
0 Plays Today
Hawaiian English % Correct
'EsetoniaEstonia
96.3%
MolodowaMoldova
93%
Sana MarinoSan Marino
91.7%
'IlelaniIreland
85.2%
NolewaiNorway
84.6%
SeripiaSerbia
84.1%
'UkelenaUkraine
84.1%
HeleneGreece
77.8%
HōlaniNetherlands
70.3%
PokukalaPortugal
63.8%
'AukekuliaAustria
63.4%
BelarusaBelarus
60%
KelemāniaGermany
59.6%
LukemapukaLuxembourg
59.1%
Bosenia me HesegowinaBosnia-Herzegovina
58.4%
LikenekainaLiechtenstein
57.9%
LituaniaLithuania
56.8%
MonakoMonaco
56.6%
MontenegeroMontenegro
56.5%
RomāniaRomania
56.1%
PōlaniPoland
55.4%
SoloweniaSlovenia
55.4%
SolowakiaSlovakia
55.1%
MakekoniaMacedonia
55%
Hawaiian English % Correct
LūkiaRussia
54.5%
KoloatiaCroatia
54.1%
ʻĪkāliaItaly
53.9%
MalataMalta
53.7%
KepaniaSpain
53.1%
PinilanaFinland
49.3%
KokowoKosovo
48%
Lepupalika ‘o TiekaCzechia
44.4%
HunakaliaHungary
44%
'AnakolaAndorra
42.5%
WakikanaVatican City
40%
'AlepaniaAlbania
37.3%
Aupuni Mōʻī Hui Pū ʻiaUnited Kingdom
34.6%
KuekeneSweden
34.1%
KuikilaniSwitzerland
31.8%
PelekiumaBelgium
31.6%
PulukaliaBulgaria
30.2%
KenemakaDenmark
23.4%
LakawiaLatvia
22.9%
PalaniFrance
17.3%
ʻĀina HauIceland
16%
KupeloCyprus
15.2%
KulekeTurkey
9.8%

You're not logged in!

Compare scores with friends on all Sporcle quizzes.
OR
Log In

Show Comments

Extras

Top Quizzes Today


Score Distribution

Your Account Isn't Verified!

In order to create a playlist on Sporcle, you need to verify the email address you used during registration. Go to your Sporcle Settings to finish the process.

Report this User

Report this user for behavior that violates our Community Guidelines.

Details: